| 000 | 02107cam a2200577 a 4500 | ||
|---|---|---|---|
| 001 | 20973 | ||
| 003 | VRT | ||
| 005 | 20260207125338.0 | ||
| 008 | 230403s1952 xo gr 000 d slo c | ||
| 015 | _aSNBA19451955-009490 | ||
| 020 | _q(brožované) | ||
| 035 | _aSK01SNKBKSFS20010083761 | ||
| 035 | _aurn:nbn:sk:snk-am3i5yx | ||
| 035 | _a3182129D-A0D9-420E-8DDE-8EE773F24F7C | ||
| 035 | _aurn:nbn:sk:snk-am00dl9r | ||
| 035 | _aSKM000086224 | ||
| 039 | 9 |
_a202304032057 _bVLOAD _c202212050957 _dVLOAD _c202205120832 _dVLOAD _c202109291403 _dmsnk115 |
|
| 040 |
_aSNK _bslo _cSNK _eAACR2 |
||
| 041 | 1 |
_aslo _hrus |
|
| 044 |
_axo _cSK |
||
| 072 | 7 |
_a821.161.1 _xRuská literatúra, rusky písaná _2konspekt |
|
| 072 | 7 |
_a821.161.1-2 _xRuská dráma _2konspekt |
|
| 080 |
_a821.161.1-2 _22011 |
||
| 080 |
_a(0:82-2) _22011 |
||
| 100 | 1 |
_aPopov, Ivan Fedorovič, _d1886-1957 _4aut |
|
| 240 | 1 | 0 |
_aSemja _lSlovensky |
| 245 | 1 | 0 |
_aRodina _bdráma v štyroch dejstvách (10 obrazoch) _cI. Popov ; z ruského originálu Semja ... preložil Fero Novohradčan |
| 250 | _a1. vyd. | ||
| 260 |
_aMartin _bMatica slovenská _c1952 |
||
| 300 |
_a99, [1] s. _c18 cm |
||
| 366 | _e3300 kusov | ||
| 490 | 1 |
_aPrekladová divadelná knižnica _vsv. 22 |
|
| 500 | _aBrožovaná | ||
| 655 | 7 |
_aruské drámy _2SNKPH |
|
| 655 | 7 |
_adivadelné hry _2SNKPH |
|
| 655 | 7 |
_aRussian drama _2SNKPHeng |
|
| 655 | 7 |
_aTheatre plays _2SNKPHeng |
|
| 700 | 1 |
_aNovohradčan, Fero, _d1913-2009 _4trl |
|
| 700 | 1 |
_aTvarožek, Eduard Vladimír, _d1920-1999 _4red |
|
| 700 | 1 |
_aHaas, Otto _4oth |
|
| 830 | 0 | _aPrekladová divadelná knižnica | |
| 910 | _asnk | ||
| 942 |
_2ddc _cKLDO _n0 |
||
| 949 |
_62889362630 _asavukA 1593 _oPV 16497 |
||
| 949 |
_617A0662615 _asnkSD 6934/22 D2 _bsnkD 1393/62 |
||
| 949 |
_617A0662616 _asnkSD 6934/22 D1 _bsnkD 1770/60 |
||
| 949 |
_6270001000626676 _asvkbbS 37463 _bsvkbbm 40370 |
||
| 949 |
_6369701000018300 _aaubbD 13149 _baubbD13149 _pDarca: DÚ BL |
||
| 949 |
_617A0912170 _asnkSD 6934/22 _bsnk3963/52 _oI. 436/52 - evidenčné číslo _s6100:20190903 |
||
| 999 |
_c20973 _d20973 |
||